000 00338nam a22001457a 4500
008 230615b ||||| |||| 00| 0 eng d
020 _a97810651357
041 _aeng
080 _2EDITION 18
_a61
082 _a61DAV
100 _a5
101 _aMJKP
245 _aTABER'S CYCLOPEDIC MEDICAL DICTIONARY
_cDAVIS.A.F
942 _2udc
_cBK
999 _c59989
_d59989